Personnages principaux de Scènes de ménage - Mort subite - Statistiques

Statistiques générales
  • Ce quiz a été pris 845 fois
  • Le résultat moyen est 7 sur 16
Answers on the Grid
Answers color-coded by a green-red scale on the quiz's grid according to % correct below.
Fabrice
Julie
José
Frédéric
Louise
Cyril
Emma
Jalil
Louane
Fabien
Marion
Jean-Claude
Liliane
Sofiane
Léo
Lucienne
Camille
Kylian
Josiane
Raymond
Leslie
Kévin
Huguette
David
Gilbert
Alice
Philippe
Lina
Cédric
Christine
 
Statistiques - réponses
Réponse % Correct
Huguette
72%
Raymond
72%
Liliane
67%
José
66%
Emma
55%
Marion
52%
Cédric
49%
Fabien
49%
Léo
46%
Camille
44%
Leslie
44%
Philippe
44%
Jalil
20%
Louise
14%
Gilbert
12%
Christine
9%
Aucun quiz correspondant
Distribution des résultats
% des personnes avec chaque résultat
Percentile par nombre de réponses
Votre historique - résultats
Vous n’avez pas pris ce quiz